000 00430nam a2200181Ia 4500
001 1977
005 20260306143808.0
008 260306t1982||||xx |||||||||||||| ||spa||
041 _aESP
082 _a158.7
_bS29
100 _aSchein, Edgar H.
_eAUT
245 0 _aPsicología de la organización texto impreso
260 _c1982
300 _a252 páginas :
_c
650 _aGEN
654 _aCPS
942 _cLIB
_dJUS
_fJUS
_2ddc
_n
999 _c1977
_d1977